Sectional Titles, Share Blocks and Time-sharing / (Record no. 349)

MARC details
000 -LEADER
fixed length control field 00533nam a22001697a 4500
005 - DATE AND TIME OF INPUT
control field 20231107074607.0
008 - DATA ELEMENTS--GENERAL INFORMATION
fixed length control field 231107b |||||||| |||| 00| 0 eng d
020 ## - INTERNATIONAL STANDARD BOOK NUMBER
International Standard Book Number 0409059315
041 ## - LANGUAGE CODE
Language code of text English
082 ## - SHELF NUMBER
DDC number 346.43 VAN
100 ## - MAIN AUTHOR
Main author's name Van der Merwe, CG
Language of a work English
245 ## - TITLE STATEMENT
Title Sectional Titles, Share Blocks and Time-sharing /
Statement of responsibility, etc. CG Van der Merwe
260 ## - PUBLICATION, DISTRIBUTION, ETC.
Place of publication, distribution, etc. Durban :
Name of publisher, distributor, etc. Butterworth Publishers (Pty) Ltd,
Date of publication, distribution, etc. 1995
300 ## - PHYSICAL DESCRIPTION
Other physical details xvi,
Dimensions 26 cm.
650 ## - SUBJECT`
Broad subject Legal practice
Own subject terms Law
942 ## - ADDED ENTRY ELEMENTS (KOHA)
Item type Books
942 ## - ADDED ENTRY ELEMENTS (KOHA)
-- ALISON_BN_VRIES
Holdings
Source of classification or shelving scheme Volume number (bound volume or other part) Not for loan Collection code Home library Current library Shelving location Date acquired Full call number Barcode Price effective from Koha item type
Dewey Decimal Classification Volume 1   TEXT BOOKS LAW SOCIETY OF NAMIBIA LIBRARY - WINDHOEK LAW SOCIETY OF NAMIBIA LIBRARY - WINDHOEK Property law 11/07/2023 346.43 VAN LSN/1998/83 11/07/2023 Books